Bibliotheca universal de la polygraphia española / (Record no. 163713)

MARC details
000 -LEADER
campo de control de longitud fija 01562nam a2200301 i 4500
001 - NÚMERO DE CONTROL
campo de control 163713
003 - IDENTIFICADOR DE NÚMERO DE CONTROL
campo de control ES-MaACL
005 - FECHA Y HORA DE LA ÚLTIMA TRANSACCIÓN
campo de control 20251012173738.0
008 - DATOS DE LONGITUD FIJA--INFORMACIÓN GENERAL
campo de control de longitud fija 931025s1738 sp axf |||| | spa d
040 ## - FUENTE DE CATALOGACIÓN
Centro catalogador/agencia de origen Biblioteca Diocesana de Zamora. Catálogo de Fondo Antiguo
Lengua de catalogación spa
Centro/agencia transcriptor PAB
100 1# - ENTRADA PRINCIPAL--NOMBRE DE PERSONA
Nombre de persona Rodríguez, Cristóbal,
Fechas asociadas al nombre 1677-1740
9 (RLIN) 131968
245 10 - MENCIÓN DEL TÍTULO
Título Bibliotheca universal de la polygraphia española /
Mención de responsabilidad, etc. compuesta por ... Christoval Rodriguez ...; publica D. Blas Antonio Nassarre y Ferriz...
260 ## - PUBLICACIÓN, DISTRIBUCIÓN, ETC.
Lugar de publicación, distribución, etc. Impresa en Madrid :
Nombre del editor, distribuidor, etc. por Antonio Marin,
Fecha de publicación, distribución, etc. 1738.
300 ## - DESCRIPCIÓN FÍSICA
Extensión [6] p., XXVII h., [72] p., [117] de grab., [4] h. de grab. pleg. :
Otras características físicas il. ;
Dimensiones Fol.
530 ## - NOTA DISPONIBLE DE FORMULARIO FÍSICO ADICIONAL
Nota de formato físico adicional disponible Disponible en formato digital.
597 ## - NOTA DE DESCRIPCIÓN FÍSICA
NOTA DE DESCRIPCIÓN FÍSICA Sign.: [ ]2, B-P2, [calderón]- 6[calderón]6.
597 ## - NOTA DE DESCRIPCIÓN FÍSICA
NOTA DE DESCRIPCIÓN FÍSICA Apostillas marginales.
597 ## - NOTA DE DESCRIPCIÓN FÍSICA
NOTA DE DESCRIPCIÓN FÍSICA Las XXVII h. son hojas impresas por ambas caras.
599 ## - NOTA A LAS ILUSTRACIONES
NOTA A LAS ILUSTRACIONES La h. de grab. y las láms. calc.: "Christs. a Sto. Ioanne inv." et Paulus Minguet sculp.", CL.V.D.B.A.N.", "Donato Her. z.f.", "D. Christ. Rodrig." et "Vidal scul. 1729", "D. Christophorus Rodriguez scrip. et Sculp.", "D.C.R.Z."
650 #7 - PUNTO DE ACCESO ADICIONAL DE MATERIA--TÉRMINO DE MATERIA
Término de materia o nombre geográfico como elemento de entrada Paleografía
Fuente del encabezamiento o término embne
9 (RLIN) 15803
650 #7 - PUNTO DE ACCESO ADICIONAL DE MATERIA--TÉRMINO DE MATERIA
Término de materia o nombre geográfico como elemento de entrada Numismática
Fuente del encabezamiento o término embne
9 (RLIN) 15648
700 1# - ENTRADA AGREGADA--NOMBRE PERSONAL
Nombre de persona Nasarre, Blas Antonio de.
9 (RLIN) 130401
700 1# - ENTRADA AGREGADA--NOMBRE PERSONAL
Nombre de persona Minguet e Yrol, Pablo,
Fechas asociadas al nombre 1733-1778
9 (RLIN) 151092
700 1# - ENTRADA AGREGADA--NOMBRE PERSONAL
Nombre de persona Vidal, Felipe.
9 (RLIN) 133690
852 ## - LOCALIZACIÓN
Ubicación ES-MaACL
Número de control de estantería R-2554
Nota libre -- Enc. pasta española
Encuadernación -- Olim: B-16
856 ## - LOCALIZACIÓN Y ACCESO ELECTRÓNICOS
Identificador Uniforme de Recursos <a href="http://bdh-rd.bne.es/viewer.vm?id=0000086709&page=1 ">http://bdh-rd.bne.es/viewer.vm?id=0000086709&page=1 </a>
Nota pública Biblioteca Digital Hispánica
Holdings
Estatus retirado Estado de pérdida Estado de daño No para préstamo Colección Biblioteca de origen Biblioteca actual Ubicación en estantería Fecha de adquisición Fuente de adquisición Total de préstamos Signatura topográfica completa Código de barras Visto por última vez Precio de reemplazo Tipo de ítem Koha
        Colección digital Biblioteca del Ateneo de Madrid Biblioteca del Ateneo de Madrid Depósito 17/01/2008     R-2554 1171559 23/02/2023 23/02/2023 Libro impreso antiguo